Matrix Theory and Finite Mathematics /

Saved in:
Bibliographic Details
Main Author: Pearl, Martin
Format: Book (Paper)
Language:English
Published: New York : McGraw-Hill, 1973
Tags: Add Tag
No Tags, Be the first to tag this record!
Institutions: Thư viện Trường Đại học Đà Lạt
LEADER 00538nam a2200229 4500
001 DLU020000362
005 ##12/16/1998
041 # # |a eng 
082 # # |a 512.943  |b PE-M 
100 # # |a Pearl, Martin 
245 # # |a Matrix Theory and Finite Mathematics /  |c Martin Pearl  
260 # # |a New York :  |b McGraw-Hill,  |c 1973 
300 # # |a VIII, 450 tr.;  |c 23 cm. 
992 # # |a 10000 
994 # # |a DLU 
900 # # |a False 
911 # # |a Administrator 
925 # # |a G 
926 # # |a A 
927 # # |a SH 
980 # # |a Thư viện Trường Đại học Đà Lạt